期刊信息 |
| 索取号 |
V1/Z655
|
| 题名 |
太空探索
|
| 作者 |
中国宇航学会主办
|
| 分册号 |
|
| 分册名 |
|
| 出版地 |
北京
|
| 出版者 |
太空探索杂志社
|
| 标准刊号 |
1009-6205
|
| 出版频率 |
月刊
|
| 中图法分类 |
V1
|
| 主题词 |
航空 技术 研究; 航空 技术 科学探索; 航天 技术 研究; 航天 技术 科学探索; 航天 技术 空间探索
|
| 电子资源 | |
| |
|
| 000 | 00720nas0 2200253 45 | |
| 001 | 0162224931 | |
| 005 | 2001083017170432 | |
| 011 | @a1009-6205@dCNY15.00 | |
| 092 | @aCN@b2-168 | |
| 100 | @a20010830d km y0chiy0120 ea | |
| 101 | 0 | @achi |
| 102 | @aCN@b110000 | |
| 200 | 1 | @a太空探索@ATai Kong Tan Suo@f中国宇航学会主办@FZhong Guo Yu Hang Xue Hui Zhu Ban |
| 210 | @a北京@c太空探索杂志社 | |
| 326 | @a月刊 | |
| 606 | 0 | @a航空@x技术@x研究 |
| 606 | 0 | @a航空@x技术@x科学探索 |
| 606 | 0 | @a航天@x技术@x研究 |
| 606 | 0 | @a航天@x技术@x科学探索 |
| 606 | 0 | @a航天@x技术@x空间探索 |
| 690 | @aV1@v3 | |
| 711 | 0 | @a中国宇航学会主办@AZhong Guo Yu Hang Xue Hui Zhu Ban |
| 801 | 0 | @aCN@bPFT@c20010830 |
| 905 | @dV1@eZ655 | |
| 太空探索/中国宇航学会主办.-北京:太空探索杂志社 |
| ISSN 1009-6205:CNY15.00 |
| ● |
| 相关链接: |
|
|
|